Obálka Náhled e-knihy:
PDF Epub
Pro půjčování e-knih musíte být přihlášeni.
Jak si půjčit online?

Hviezdna noc /

V tejto knihe nájdete fantasy príbehy plné mágie, lásky, osudových rozhodnutí, ale aj zrady, straty a klamstiev. Niekto bojuje s nešťastnou láskou, či so stredoškolskými problémami, iný so stratou rodiny pre zakázanú lásku medzi súrodencami. Bolestivé tajomstvá a kruté zistenia preveria silu ľudskýc...

Celý popis

Uloženo v:
Hlavní autor: Ice, Kilia (Autor)
Médium: E-kniha
Jazyk:Czech
Vydáno: Praha : E-knihy jedou, 2026
Tagy:
Žádné tagy
LEADER 01460nam a22002297i 4500
001 297594
007 ta
008 260416s2026 xr ||||| |||| 00| 0 cze d
020 |a 9990004262201 
044 |a xr 
100 1 |a  Ice, Kilia  |4 aut 
245 1 0 |a Hviezdna noc /  |c  Ice, Kilia 
264 1 |a Praha :  |b E-knihy jedou,  |c 2026 
300 |a 1 online zdroj (237 stran) 
336 |a text  |b txt  |2 rdacontent 
337 |a bez média  |b n  |2 rdamedia 
338 |a online zdroj  |b cr  |2 rdacarrier 
520 2 |a V tejto knihe nájdete fantasy príbehy plné mágie, lásky, osudových rozhodnutí, ale aj zrady, straty a klamstiev. Niekto bojuje s nešťastnou láskou, či so stredoškolskými problémami, iný so stratou rodiny pre zakázanú lásku medzi súrodencami. Bolestivé tajomstvá a kruté zistenia preveria silu ľudských citov a objavia sa aj nečakané zázraky, ako je nezvyčajné mužské tehotenstvo. Dokážu city zmeniť osud, či názor iných? Všetky životné príbehy hrdinov môžete zažiť spolu s nimi. 
910 |a RBIT002 
998 |d 426220  |a https://core.palmknihy.cz/api/books/426220/cover?tdhqjd  |b https://core.palmknihy.cz/api/books/426220/cover/400?tdhqjd  |c https://core.palmknihy.cz/api/books/426220/cover/50?tdhqjd  |e   |g 237  |i 9990004262201  |j https://core.palmknihy.cz/api/books/426220/preview.epub  |k https://core.palmknihy.cz/api/books/426220/preview.pdf  |l   |q 49  |r 1  |s https://www.palmknihy.cz/kniha/426220  |t ebook  |y 2026  |z 1 
999 |d 297592